| 000 | 01087cam a2200349 4500 | ||
|---|---|---|---|
| 001 | 19949 | ||
| 003 | SK-KTurca | ||
| 005 | 20251217162800.0 | ||
| 008 | 211029s2021 xr g 000 j slo | ||
| 015 | _aSNBZSA2023/11 | ||
| 020 |
_a9788020619426 _q(viazané) |
||
| 040 |
_aSNK _bslo _cSNK _erda |
||
| 041 | _aslo | ||
| 044 |
_axr _cCZ |
||
| 072 | 7 |
_a821.162.4-3 _xSlovenská próza _2konspekt |
|
| 080 |
_a821.162.4-32 _22011 |
||
| 080 |
_a(0:82-32) _22011 |
||
| 100 | 1 |
_aÖlvecký, Noro, _d1969- _4aut |
|
| 245 | 1 |
_aNa krídlach duše _bskutočný príbeh _cNoro Ölvecký |
|
| 264 | 1 |
_aPraha _bNaše vojsko _c2021 |
|
| 300 |
_a267 strán _c22 cm |
||
| 336 |
_atext _btxt _2rdacontent |
||
| 337 |
_abez média _bn _2rdamedia |
||
| 338 |
_azväzok _bnc _2rdacarrier |
||
| 500 | _aObsahuje biografické údaje o autorovi na záložke prebalu publikácie | ||
| 655 | 7 |
_aslovenské príbehy _2SNKPH |
|
| 655 | 7 |
_askutočné príbehy _2SNKPH |
|
| 655 | 7 |
_aSlovak stories _2SNKPHeng |
|
| 655 | 7 |
_aStories _2SNKPHeng |
|
| 942 |
_2ddc _cKLDO _n0 |
||
| 999 |
_c19949 _d19949 |
||